| 000 -LEADER |
| fixed length control field |
02412cam a2200445 i 4500 |
| 001 - CONTROL NUMBER |
| control field |
21334066 |
| 003 - CONTROL NUMBER IDENTIFIER |
| control field |
NUST |
| 005 - DATE AND TIME OF LATEST TRANSACTION |
| control field |
20220825105426.0 |
| 008 - FIXED-LENGTH DATA ELEMENTS--GENERAL INFORMATION |
| fixed length control field |
191212t20182018nyua b 001 0 eng d |
| 010 ## - LIBRARY OF CONGRESS CONTROL NUMBER |
| LC control number |
2019275018 |
| 020 ## - INTERNATIONAL STANDARD BOOK NUMBER |
| International Standard Book Number |
9780999191316 |
| Qualifying information |
(hardcover) |
| 020 ## - INTERNATIONAL STANDARD BOOK NUMBER |
| International Standard Book Number |
0999191314 |
| Qualifying information |
(hardcover) |
| 035 ## - SYSTEM CONTROL NUMBER |
| System control number |
(OCoLC)on1027834227 |
| 038 ## - RECORD CONTENT LICENSOR |
| Staff Name |
Azhar |
| 040 ## - CATALOGING SOURCE |
| Original cataloging agency |
YDX |
| Language of cataloging |
eng |
| Transcribing agency |
YDX |
| Description conventions |
rda |
| Modifying agency |
BDX |
| -- |
OQX |
| -- |
OCLCF |
| -- |
DON |
| -- |
DLC |
| 042 ## - AUTHENTICATION CODE |
| Authentication code |
lccopycat |
| 050 00 - LIBRARY OF CONGRESS CALL NUMBER |
| Classification number |
HD31.2 |
| Item number |
.M89 2018 |
| 082 04 - DEWEY DECIMAL CLASSIFICATION NUMBER |
| Classification number |
658.407 |
| Edition number |
23 |
| Author Mark |
MUZ |
| 100 1# - MAIN ENTRY--PERSONAL NAME |
| Personal name |
Muzio, Edward G. |
| Fuller form of name |
(Edward Gregory), |
| Dates associated with a name |
1974- |
| Relator term |
author. |
| 9 (RLIN) |
94923 |
| 245 10 - TITLE STATEMENT |
| Title |
Iterate : |
| Remainder of title |
run a fast, flexible, focused management team |
| Statement of responsibility, etc. |
Ed Muzio. |
| 250 ## - EDITION STATEMENT |
| Edition statement |
First edition. |
| 260 ## - PUBLICATION, DISTRIBUTION, ETC. |
| Place of publication, distribution, etc. |
New York, New York : |
| Name of publisher, distributor, etc. |
An Inc. Original, |
| Date of publication, distribution, etc. |
2018 |
| 264 #4 - PRODUCTION, PUBLICATION, DISTRIBUTION, MANUFACTURE, AND COPYRIGHT NOTICE |
| Date of production, publication, distribution, manufacture, or copyright notice |
©2018 |
| 300 ## - PHYSICAL DESCRIPTION |
| Extent |
xxiii, 212 pages : |
| Other physical details |
color illustrations ; |
| Dimensions |
24 cm |
| 336 ## - CONTENT TYPE |
| Content type term |
text |
| Content type code |
txt |
| Source |
rdacontent |
| 336 ## - CONTENT TYPE |
| Content type term |
still image |
| Content type code |
sti |
| Source |
rdacontent |
| 337 ## - MEDIA TYPE |
| Media type term |
unmediated |
| Media type code |
n |
| Source |
rdamedia |
| 338 ## - CARRIER TYPE |
| Carrier type term |
volume |
| Carrier type code |
nc |
| Source |
rdacarrier |
| 504 ## - BIBLIOGRAPHY, ETC. NOTE |
| Bibliography, etc. note |
Includes bibliographical references (pages 194-199) and index. |
| 505 0# - FORMATTED CONTENTS NOTE |
| Formatted contents note |
Chapter 1: The best next step -- Chapter 2: Five key management practices -- Chapter 3: Output & status broadcasting -- Chapter 4: Work preview meetings -- Chapter 5: Group decision-making -- Chapter 6: Linked teams -- Chapter 7: Front line self-sufficiency -- Chapter 8: Understand, assess, and improve. |
| 520 ## - SUMMARY, ETC. |
| Summary, etc. |
"This book is a guide to the iterative organization, the only kind of organization that can learn and adapt fast enough to keep up in today's world. For anyone running a team of managers, or advising someone who does, it describes the fundamental behaviors that create iteration, explains how to implement them, and includes videos and online assessment to get the process started. Iterate defines what management really is and helps readers create a fast, flexible, focused management team that does it well."--Publisher description. |
| 650 #0 - SUBJECT ADDED ENTRY--TOPICAL TERM |
| Topical term or geographic name entry element |
Management. |
| 650 #0 - SUBJECT ADDED ENTRY--TOPICAL TERM |
| Topical term or geographic name entry element |
Executives |
| General subdivision |
Personnel management. |
| 9 (RLIN) |
94924 |
| 650 #0 - SUBJECT ADDED ENTRY--TOPICAL TERM |
| Topical term or geographic name entry element |
Teams in the workplace |
| General subdivision |
Management. |
| 9 (RLIN) |
94925 |
| 650 #7 - SUBJECT ADDED ENTRY--TOPICAL TERM |
| Topical term or geographic name entry element |
Management. |
| Source of heading or term |
fast |
| Authority record control number or standard number |
(OCoLC)fst01007141 |
| 9 (RLIN) |
98499 |
| 650 #7 - SUBJECT ADDED ENTRY--TOPICAL TERM |
| Topical term or geographic name entry element |
Teams in the workplace |
| General subdivision |
Management. |
| Source of heading or term |
fast |
| Authority record control number or standard number |
(OCoLC)fst01144690 |
| 9 (RLIN) |
94925 |
| 906 ## - LOCAL DATA ELEMENT F, LDF (RLIN) |
| a |
7 |
| b |
cbc |
| c |
copycat |
| d |
2 |
| e |
ncip |
| f |
20 |
| g |
y-gencatlg |
| 942 ## - ADDED ENTRY ELEMENTS (KOHA) |
| Source of classification or shelving scheme |
|
| Koha item type |
Lincoln Corner |